00309nam a2200109Ia 450000500170000000800410001710000330005824500580009126000270014930000100017665000130018620260328104306.0260328s9999||||xx |||||||||||||| ||und|| aAlcaldía Mayor de Bogotá 0aEdificio Bicentenario /cAlcaldía Mayor de Bogotá bBogotá Bicentenario  a90 p. aCOLOMBIA